000 03271nam a22002897a 4500
003 DO-CoUTE
005 20260422144002.0
008 260422b dr ||||| |||| 00| 0 spa d
040 _aDO-CoUTE
_bspa
_cDO-CoUTE
041 _aspa
092 _aBIO 2025 R65
100 1 _aRondón, Yajaira
_eSustentante
245 _aDiagnóstico del Nivel de las Normas de Bioseguridad en los Servicios de Transfusión Sanguíneos en la Provincia Sánchez Ramírez /
_cYajaira Rondón, Scarlet Inoa Veloz, Patricia Otáñez Soto, Rosa Iris Gómez Pérez, Yulissa Altagracia Guante, Eddie Marie Adbrincoles Cruz, Winifher Nicol Peralta De la Cruz ; Asesor, Auridy Pérez Reyes
260 _aCotuí, República Dominicana ;
_bUTECO,
_c2025
300 _a59 Hojas :
_c23cm,
_e+ 1 CD-ROM
502 _a Trabajo de Grado (Licenciatura en Bioanálisis) Universidad Tecnológica del Cibao Oriental, 2025.
504 _aIncluye referencia bibliográfica e índice.
520 _aEl presente proyecto tuvo como objetivo general realizar un diagnóstico del nivel de las normas de bioseguridad en los servicios de transfusión sanguíneos en la provincia Sánchez Ramírez, se realizó durante el período septiembre 2025 hasta enero del 2026. Se aplicó el enfoque cualitativo, con un el diseño no experimental, de tipo documental y de campo. Los informantes claves de este proyecto está compuesta por las autoridades del hospital, personal de los servicios sanguíneos, usuarios y donantes. Los instrumentos de levantamiento de información fueron presentados a la asesora y al jurado examinador, quienes hicieron las sugerencias necesarias, proponiendo las modificaciones que pudieran colaborar con la precisión de las preguntas. Se llevó a cabo recopilaciones de información a partir de fuentes bibliográficas que incluyen libros, revistas y sitios web; esta información se revisó, organizó y analizó adecuadamente. Un análisis crítico fue elaborado, respaldado con citas de los autores mencionados en el estudio. Los entrevistados los protocolos de bioseguridad implementados en el hospital en relación a los servicios sanguíneos, se destacan: Estar adecuadamente uniformado con guantes, batas y gorros; el paciente debe estar consciente de lo que se le realizará, hay que realizarle la tipificación al paciente, luego el familiar sale al banco de sangre a comprar su sangre. Se evidenció que los profesionales de los servicios de transfusión sanguínea poseen un alto nivel de conocimiento y cumplimiento de las normas de bioseguridad, están capacitado para trabajar con las normas que requiere el banco de sangre. Sus conocimientos se reflejan en la aplicación de protocolos clave como el uso de equipo de protección personal, la necesidad de realizar la tipificación y la verificación de la fecha de vencimiento.
650 4 _aNormas de Bioseguridad
700 1 _aYajaira Rondón
_eSustentante
700 1 _aScarlet Inoa Veloz
_eSustentante
700 1 _aPatricia Otáñez Soto
_eSustentante
700 1 _aAuridy Pérez Reyes
_eAutor
830 _aTesis y disertaciones académicas (Universidad Tecnológica del Cibao Oriental)
856 _yHaga Click Aquí para Descargar en Texto Completo
942 _2ddc
_cTH
999 _c24131
_d24131